000 01096nam a2200301 a 4500
001 000021890
003 000021890
005 20171011134404.0
008 100914s1975 dr 000 0 spa d
040 _aBPMSU
_bspa
_cBPMSU
082 _2
_a972.93052
_bG216d
100 1 _aGarcía Godoy, Federico,
_d1857-1924
245 1 3 _aEl derrumbe /
_cFederico García Godoy ; prólogo Juan Bosch.
260 _aSanto Domingo :
_bUASD,
_c1975.
300 _a177 p. ;
_c24 cm.
490 1 _aPublicaciones de la Universidad Autónoma de Santo Domingo
_v170
490 1 _aHistoria y Sociedad
_v16
651 4 _aREPÚBLICA DOMINICANA
_xHISTORIA
_y1844
651 4 _aREPÚBLICA DOMINICANA
_xHISTORIA
_yOCUPACIÓN NORTEAMERICANA, 1916-1924
700 1 _aBosch, Juan,
_epról.
710 _aUniversidad Autónoma de Santo Domingo
830 0 _aPublicaciones de la Universidad Autónoma de Santo Domingo ;
_v170
830 0 _aHistoria y Sociedad
_n16
910 _aValidado. Control de calidad BNPHU
942 _2ddc
_cBK
945 _aInventariado / 2017 VM
956 _aVMATEO
_b10
_c20110329
_lBPMSU
_h0069
999 _c7178
_d7178